[Event "ROM-chT U16 Girls"]
[Site "Iasi"]
[Date "2018.07.15"]
[Round "3.2"]
[White "Salajan, Stefania"]
[Black "Nechita, Madalina Ioana"]
[Result "1-0"]
[WhiteElo "1378"]
[BlackElo "1067"]
[PlyCount "107"]
[EventDate "2018.07.13"]
[EventType "team-tourn"]
[EventRounds "6"]
[EventCountry "ROU"]
[SourceTitle "EXT 2019"]
[Source "ChessBase"]
[SourceDate "2018.10.10"]
[SourceVersion "1"]
[SourceVersionDate "2018.10.10"]
[SourceQuality "1"]
[WhiteTeam "Targu Mures"]
[BlackTeam "Iasi Politehnica"]
[WhiteTeamCountry "ROU"]
[BlackTeamCountry "ROU"]

1. d4 d5 2. Nc3 Nf6 3. Bg5 e6 4. e4 Be7 5. e5 Ne4 6. Bxe7 Qxe7 7. Nxe4 dxe4 8. c3 0-0 9. g3 c5 10. Bg2 cxd4 11. Qxd4 Rd8 12. Qxe4 Qd7 13. Qc2 Nc6 14. f4 b6 15. Rd1 Qc7 16. Rxd8+ Qxd8 17. Bxc6 Rb8 18. Qd2 Qc7 19. Qd6 Qxd6 20. exd6 Ba6 21. Nf3 Rd8 22. d7 Bc4 23. b3 Bd5 24. Bxd5 exd5 25. Kf2 Rxd7 26. Rd1 Kf8 27. c4 b5 28. Rxd5 Rxd5 29. cxd5 Ke7 30. Nd4 a6 31. Ke3 Kd6 32. Ke4 g6 33. f5 g5 34. f6 h5 35. Nf5+ Kd7 36. Nh6 Ke8 37. d6 Kd7 38. Nxf7 Ke8 39. Nxg5 a5 40. f7+ Kf8 41. d7 Ke7 42. d8Q+ Kxd8 43. f8Q+ Kc7 44. Qc5+ Kd7 45. Qxb5+ Kd6 46. b4 Kc7 47. Qc5+ Kd7 48. b5 Kd8 49. Qa7 Ke8 50. b6 Kd8 51. Ne6+ Ke8 52. Nf8 Kxf8 53. Qh7 Ke8 54. b7 1-0

[Event "ROM-ch U10 Girls"]
[Site "Calimanesti"]
[Date "2018.04.02"]
[Round "8"]
[White "Nechita, Madalina Ioana"]
[Black "Apostol, Maria"]
[Result "0-1"]
[WhiteElo "1069"]
[BlackElo "1158"]
[PlyCount "60"]
[EventDate "2018.03.27"]
[EventType "swiss"]
[EventRounds "9"]
[EventCountry "ROU"]
[SourceTitle "CBM 183 Extra"]
[Source "ChessBase"]
[SourceDate "2018.04.19"]
[SourceVersion "1"]
[SourceVersionDate "2018.04.19"]
[SourceQuality "1"]

1. c4 e6 2. e3 f5 3. Nc3 Nf6 4. d4 Bb4 5. Bd2 0-0 6. Bd3 b6 7. Nf3 Bb7 8. a3 Bxc3 9. Bxc3 Ne4 10. Bb4 d6 11. 0-0 Nd7 12. c5 a5 13. Bc3 Qe8 14. cxd6 cxd6 15. Bb5 Rd8 16. Rc1 Qh5 17. Nd2 Qg5 18. Nxe4 fxe4 19. b4 Rf6 20. d5 Rg6 21. g3 e5 22. bxa5 Nf6 23. axb6 Bc8 24. Ba5 Rf8 25. Rc7 Bh3 26. Re1 Qf4 27. Ra7 Nxd5 28. Qxd5+ Kh8 29. Ra8 Qxf2+ 30. Kh1 Qg2# 0-1